Healthy Leaders / (Record no. 3489)

MARC details
000 -LEADER
fixed length control field 00524nam a2200193Ia 4500
003 - CONTROL NUMBER IDENTIFIER
control field GBCCL
005 - DATE AND TIME OF LATEST TRANSACTION
control field 20241126110456.0
008 - FIXED-LENGTH DATA ELEMENTS--GENERAL INFORMATION
fixed length control field 171128b xxu||||| |||| 00| 0 eng d
020 ## - INTERNATIONAL STANDARD BOOK NUMBER
International Standard Book Number 978-1-888810-62-2
040 ## - CATALOGING SOURCE
Transcribing agency gbc
082 ## - DEWEY DECIMAL CLASSIFICATION NUMBER
Classification number 262.1
Item number WEB.2
100 ## - MAIN ENTRY--PERSONAL NAME
Personal name Webber, Malcolm
9 (RLIN) 7029
245 ## - TITLE STATEMENT
Title Healthy Leaders /
Statement of responsibility, etc. Malcolm Webber
260 ## - PUBLICATION, DISTRIBUTION, ETC.
Name of publisher, distributor, etc. Strategic Press,
Place of publication, distribution, etc. Elkhart:
Date of publication, distribution, etc. 2002
300 ## - PHYSICAL DESCRIPTION
Extent 143p.;
Dimensions 23 cm.
440 ## - SERIES STATEMENT/ADDED ENTRY--TITLE
Title SpiritBuilt Leaders
Volume/sequential designation 2
9 (RLIN) 7033
650 ## - SUBJECT ADDED ENTRY--TOPICAL TERM
Topical term or geographic name entry element Christian Leadership
9 (RLIN) 1568
942 ## - ADDED ENTRY ELEMENTS (KOHA)
Edition V2
Source of classification or shelving scheme Dewey Decimal Classification
Koha item type Books
Koha issues (borrowed), all copies 3
Holdings
Withdrawn status Lost status Source of classification or shelving scheme Damaged status Not for loan Home library Current Library Shelving location Date acquired Total checkouts Total renewals Full call number Barcode Date last seen Date last checked out Copy number Price effective from Koha item type Source of acquisition
    Dewey Decimal Classification     GRACE BIBLE COLLEGE GRACE BIBLE COLLEGE Ministry & Mission 2017-11-28 1 1 262.1 WEB 013004 2025-05-01 2024-02-08 c.1 2017-11-28 Books  
    Dewey Decimal Classification     GRACE BIBLE COLLEGE GRACE BIBLE COLLEGE Ministry & Mission 2018-04-30 6 1 262.1 WEB 014654 2026-03-02 2026-02-27 c.2 2018-04-30 Books gift
© Grace Bible College Library 2025